000
00226 a2200085 4500
001
62538
090
_c
37182
_d
37182
245
_a
Untold tales of Pakistan Air Force; a glimpse of life in the PAF
260
_a
Islamabad
_b
PAF Book club
_c
2007
942
_a
NUST-CAE
999
_c
297611
_d
297611